| 000 | 01004nam a22002175i 4500 | ||
|---|---|---|---|
| 001 | 53913 | ||
| 003 | ES-MaACL | ||
| 005 | 20251017063048.0 | ||
| 007 | t| | ||
| 008 | 980309m18841896sp b ||||1| spa d | ||
| 040 |
_aCAM _bspa _cCAM |
||
| 100 | 1 |
_aFernández San Román, Eduardo, _cMarqués de San Román, _d1818-1887 _9148574 |
|
| 245 | 1 | 0 |
_aGuerra civil de 1833 á 1840 en Aragón y Valencia _b: campañas del General Oráa (1837-1838) / _cpor el Marqués de San Román ; con un proemio de José Gómez de Arteche. |
| 260 |
_aMadrid : _b[s.n.], _c1884 ( _fImprenta y Fundición de M. Tello) |
||
| 300 |
_aXXIII, 400 p., [1] h. de lám., [2] h. de map. pleg. ; _c24 cm. |
||
| 500 | _aCon el retrato del General Oráa. Plano de las batalla de Barbastro. Mapa del teatro de la guerra. | ||
| 651 | 4 |
_aEspaña- _xHistoria- _y1833-1840, Guerra carlista _98250 |
|
| 700 | 1 |
_aGómez de Arteche, José. _957884 |
|
| 852 |
_aES-MaACL _jG-15550 _z.- Legado M. de la Fuente |
||
| 999 |
_c53913 _d53913 |
||